| 000 | 00762cam a2200193 4500 | ||
|---|---|---|---|
| 001 | ##L132792 | ||
| 008 | 060309n1950 000 0 eng u | ||
| 035 | _a(Sirsi) u132792 | ||
| 041 | 0 | _aeng | |
| 050 | 0 | 4 | _a333.5068 $2 22 |
| 110 | 2 |
_aCambridge University Estate Management Society and Club _94897 |
|
| 245 | 0 | 2 | _aA year's purchase |
| 260 |
_aS.l. _b[s.n.] _c1950 |
||
| 300 |
_a48p. _bill _c22cm. |
||
| 490 | 0 |
_aThe Journal of the Cambridge University Estate Management Society and Club _v2 |
|
| 520 | _aA collection of articles relating to estate management and announcements of meetings and appointments from property-related organisations. | ||
| 690 | _aPROPERTY-COMMERCIAL PROPERTY-CORPORATE REAL ESTATE-CORPORATE REAL ESTATE MANAGEMENT | ||
| 942 | _n0 | ||
| 999 |
_c105231 _d105231 |
||